000 00994nam a2200253Ia 4500
003 OSt
005 20220923211201.0
006 a|||||r|||| 00| 0
007 ta
008 220922b |||||||| |||| 00| 0 hin d
020 _a818857340X (hbk)
_c375
024 _a240,451
037 _b379, 24/12/2009, Eastern Book Linkers
_cTextual
040 _aARTS
_cARTS
_bhin
041 _2hin
_ahin
082 _aO152,3N37:g, P7
100 _aकानडे, सुरेश फकिरराव
_9159259
245 0 _aगिरिराज किशोर की कहानियों में युग चेतना
246 _aGirirāj kishor kī kahāniyoan mean yug chetanā
260 _aकानपुर
_b चन्द्रलोक प्रकाशन
_c2007
300 _a256पृ.
_ccm.
942 _hO152,3N37:g, P7
_cTEXL
_2CC
999 _c296468
_d296468